00771nam a22002177a 4500003000500000005001700005008004100022010000800063011000900071035000800080040000900088100003100097245016200128260004200290300001100332502006800343650001900411650002800430650002400458710007100482CHAP20220329132924.0971013s1989 r 00010 d a293 a1265 a441 cCHAP00aMaldonado Torres, Ranferi. aEfecto de un cultivo intercalado y poda sobre la composición mineral de las hojas de árboles de ciruelo (Prunus salicina L.) bajo condiciones de temporal aMontecillo, Méx. :bEl autor,c1989 a112 h. aTesis (M.C. Esp. en Edafología) -- CP. Centro de Edafología14aCiruelaxPoda.14aCortas de mejoramiento.14aCultivos asociados.0 aColegio de Postgraduados. Chapingo, Méx. Centro de Edafología.